banner-ar

علاج صعوبة الادراك فى الفراغ / (Record no. 62715)

MARC details
000 -الفاتح
حقل البيانات ثابتة الطول 00905nam a22002297a 4500
005 - وقت وتاريخ اخر تعامل مع التسجيلة
رقم الضبط 20240530110604.0
008 - عناصر البيانات ثابتة الطول - معلومات عامة
حقل البيانات ثابتة الطول 161026s2015 ua a g 000 0dara d
017 ## - رقم الايداع القانونى
رقم الايداع القانونى 2014/26190
المصدر ( الهيئة المختصة) مصر. دار الكتب
020 ## - الرقم الدولى المعيارى للكتب
الرقم الدولى المعيارى للكتاب 9777800051
040 ## - مصدر الفهرسة
وكالة الفهرسة الأصلية EG-CaGPL
وكالة النسخ EG-CaGPL
082 04 - رقم تصنيف ديوى العشرى
رقم الطبعة 21
رقم التصنيف 370.15 \
رقم المادة ا ع
100 0# - المدخل الرئيسى - إسم شخصى
الإسم الشخصى السيد عبدالحميد سليمان
245 10 - بيان العنوان
العنوان علاج صعوبة الادراك فى الفراغ /
بيان المسئوليه,etc السيد عبدالحميد سليمان
250 ## - بيان الطبعة
بيان الطبعة ط. 1
260 ## - PUBLICATION, DISTRIBUTION, ETC. (IMPRINT)
تاريخ النشر أو التوزيع 2015 .
300 ## - الوصف المادى
التعداد 264 ص. :
تفاصيل ماديه اخرى للوعاء رسومات توضيحية ؛
أبعاد الوعاء 24 سم.
490 0# - بيان السلسلة
عنوان السلسلة برنامج تدريبى لعلاج الصعوبات النمائية فى الحساب
650 07 - المدخل الاضافى بالموضوع-مصطلح موضوعى
مصدر الرأس أو المصطلح qrmak
مصطلح موضوعي علم النفس التربوى
650 07 - المدخل الاضافى بالموضوع-مصطلح موضوعى
مصدر الرأس أو المصطلح qrmak
مصطلح موضوعي الحساب
التقسيم الفرعي العام تعليم
942 ## - عناصر المدخل الإضافي( كوها)
مصدر التصنيف او مخطط الترفيف Dewey Decimal Classification
Koha [default] item type كتاب
260 ## - PUBLICATION, DISTRIBUTION, ETC. (IMPRINT)
-- القاهرة :
-- عالم الكتب ،
Holdings
حالة التراجع حالة الفقد حالة تلف ليس للاعارة المكان المؤقت الموقع الحالى موقع الترفيف تاريخ الاكتساب اجمالي اﻻعارات رقم الطلب الباركود تاريخ اخر مشاهدة تاريخ تفعيل السعر نوع وعاء كوها
        مكتبة القاهرة الكبرى مكتبة القاهرة الكبرى القاعة الرئيسية 10/26/2016   370.15 \ ا ع 162551 10/26/2016 10/26/2016 كتاب

Powered By

EGPV